English Phonetics and Pronunciation Practice
Uloženo v:
| Hlavní autoři: | , , |
|---|---|
| Médium: | Neznámo |
| Jazyk: | angličtina |
| Vydáno: |
Oxford, United Kingdom:
Routledge Taylor & Francis Group,
2018
|
| Témata: | |
| Tagy: |
Přidat tag
Žádné tagy, Buďte první, kdo vytvoří štítek k tomuto záznamu!
|
MARC
| LEADER | 00000 a2200000 4500 | ||
|---|---|---|---|
| 003 | CL-VaPUC | ||
| 005 | 20220407091649.0 | ||
| 008 | 220328b2018 ||||| |||| 00| 0 eng d | ||
| 999 | |c 434352 |d 434350 | ||
| 020 | |a 978-1138886346 | ||
| 040 | |c Pontificia Universidad Católica de Valparaíso | ||
| 082 | 7 | |a 421.55 CAR 2018 |2 22 | |
| 100 | |a Carley, Paul |9 865275 |e author | ||
| 245 | |a English Phonetics and Pronunciation Practice | ||
| 260 | |a Oxford, United Kingdom: |b Routledge Taylor & Francis Group, |c 2018 | ||
| 300 | |a 307 páginas | ||
| 583 | |k Cristina María Rojas Aguilar |c 20220328 | ||
| 650 | 0 | |a Lengua inglesa |9 453712 |x Fonética |x Estudio y enseñanza | |
| 650 | 0 | |a Lengua inglesa |9 453712 |x Pronunciación |x Estudio y enseñanza | |
| 650 | 0 | |a Lengua inglesa |9 859623 |x Estudio y enseñanza |x Hablantes extranjeros | |
| 700 | |a Mees, Inger M. |e author |9 867762 | ||
| 700 | |a Collins, Beverley |e author |9 867763 | ||
| 942 | |2 ddc |c BK | ||
| 952 | |0 0 |1 0 |2 ddc |4 0 |6 421_550000000000000_CAR_2018 |7 0 |8 A |9 582196 |a BIBEDU |b BIBEDU |c GEN |d 2022-03-28 |e 74 |g 48947.00 |i 5650236 |l 1 |o 421.55 CAR 2018 |p 5650236 |r 2023-05-26 |s 2023-05-19 |t 1 |v 48947.00 |w 2022-03-28 |y BK |k LIT | ||
| 952 | |0 0 |1 0 |2 ddc |4 0 |6 421_550000000000000_CAR_2018 |7 0 |8 A |9 582204 |a BIBEDU |b BIBEDU |c GEN |d 2022-03-28 |e 74 |g 50298.00 |i 5650237 |l 1 |m 1 |o 421.55 CAR 2018 |p 5650237 |r 2025-04-10 |s 2025-03-27 |t 2 |v 50298.00 |w 2022-03-28 |y BK |k LIT | ||